Presidents of South Africa - Statistics

General Stats
  • This quiz has been taken 762 times
    467 since last reset
  • The average score is 6 of 15
Answer Stats
Hint Answer % Correct
1994-1999 Nelson Mandela
98%
2009-2018 Jacob Zuma
84%
1989-1994 FW de Klerk
75%
1975 Johannes de Klerk
75%
2018- Cyril Ramaphosa
71%
1999-2008 Thabo Mbeki
59%
1984-1989 PW Botha
54%
2008-2009 Kgalema Motlanthe
22%
1978-1979 BJ Vorster
21%
1961-1967 Charles Swart
14%
1978 Marais Viljoen
12%
1979-1984 Marais Viljoen
12%
1968-1975 Jacobus Fouche
9%
1967-1968 Jozua Naude
8%
1975-1978 Nicolaas Diederichs
8%
No matching quizzes found
Score Distribution
Percent of People with Each Score
Percentile by Number Answered
Your Score History
You have not taken this quiz since the last reset